E01_【大正・昭和戦前の男性】生まれ年別名前TOP10 - Statistics

General Stats
  • This quiz has been taken 11 times
  • The average score is 161 of 340
Answer Stats
西暦 和暦 順位 名前 % Correct
1912 大正元 2
78%
1912 大正元 4
78%
1912 大正元 10 一郎
78%
1913 大正2 4
78%
1913 大正2 5
78%
1914 大正3 2
78%
1914 大正3 5
78%
1914 大正3 7
78%
1915 大正4 1
78%
1915 大正4 5
78%
1915 大正4 8 一郎
78%
1916 大正5 2
78%
1916 大正5 4
78%
1916 大正5 5 一郎
78%
1917 大正6 2
78%
1917 大正6 3
78%
1917 大正6 4 一郎
78%
1917 大正6 9
78%
1918 大正7 1
78%
1918 大正7 3
78%
1918 大正7 4 一郎
78%
1918 大正7 8
78%
1919 大正8 2
78%
1919 大正8 3
78%
1919 大正8 5 一郎
78%
1919 大正8 8
78%
1920 大正9 1
78%
1920 大正9 4
78%
1920 大正9 6 一郎
78%
1920 大正9 9
78%
1921 大正10 1
78%
1921 大正10 4
78%
1921 大正10 6 一郎
78%
1921 大正10 9
78%
1922 大正11 1
78%
1922 大正11 3
78%
1922 大正11 6
78%
1922 大正11 7 一郎
78%
1923 大正12 1
78%
1923 大正12 3
78%
1923 大正12 6 一郎
78%
1923 大正12 8
78%
1924 大正13 1
78%
1924 大正13 4
78%
1924 大正13 8 一郎
78%
1924 大正13 9
78%
1925 大正14 1
78%
1925 大正14 3
78%
1925 大正14 8
78%
1925 大正14 9 一郎
78%
1926 大正15・昭和元 1
78%
1926 大正15・昭和元 2
78%
1926 大正15・昭和元 8
78%
1927 昭和2 4
78%
1927 昭和2 7
78%
1928 昭和3 4
78%
1928 昭和3 5
78%
1929 昭和4 2
78%
1929 昭和4 3
78%
1930 昭和5 1
78%
1930 昭和5 2
78%
1931 昭和6 1
78%
1931 昭和6 2
78%
1932 昭和7 1
78%
1932 昭和7 3
78%
1932 昭和7 9
78%
1933 昭和8 1
78%
1933 昭和8 5
78%
1933 昭和8 10
78%
1934 昭和9 4
78%
1934 昭和9 7
78%
1935 昭和10 2
78%
1935 昭和10 3
78%
1935 昭和10 7
78%
1936 昭和11 1
78%
1936 昭和11 5
78%
1936 昭和11 7
78%
1937 昭和12 1
78%
1937 昭和12 2
78%
1937 昭和12 8
78%
1938 昭和13 4
78%
1938 昭和13 5
78%
1939 昭和14 1
78%
1939 昭和14 3
78%
1940 昭和15 1
78%
1940 昭和15 2
78%
1941 昭和16 1
78%
1941 昭和16 3
78%
1942 昭和17 2
78%
1942 昭和17 6
78%
1943 昭和18 2
78%
1943 昭和18 7
78%
1944 昭和19 2
78%
1944 昭和19 6
78%
1945 昭和20 2
78%
1945 昭和20 4
78%
1912 大正元 8 三郎
67%
1913 大正2 6 三郎
67%
1914 大正3 4 三郎
67%
1915 大正4 2 三郎
67%
1916 大正5 3 三郎
67%
1917 大正6 1 三郎
67%
1918 大正7 2 三郎
67%
1919 大正8 1 三郎
67%
1920 大正9 3 三郎
67%
1921 大正10 2 三郎
67%
1922 大正11 2 三郎
67%
1923 大正12 2 三郎
67%
1924 大正13 3 三郎
67%
1925 大正14 4 三郎
67%
1926 大正15・昭和元 6 三郎
67%
1928 昭和3 9 三郎
67%
1929 昭和4 7 三郎
67%
1930 昭和5 8 三郎
67%
1931 昭和6 8 三郎
67%
1934 昭和9 10 三郎
67%
1937 昭和12 6
67%
1938 昭和13 1
67%
1939 昭和14 2
67%
1940 昭和15 7
67%
1941 昭和16 7
67%
1942 昭和17 1
67%
1943 昭和18 1
67%
1944 昭和19 1
67%
1945 昭和20 1
67%
1917 大正6 7
56%
1918 大正7 9
56%
1919 大正8 10
56%
1920 大正9 7
56%
1920 大正9 8
56%
1921 大正10 5
56%
1921 大正10 8
56%
1922 大正11 4
56%
1922 大正11 9
56%
1923 大正12 5
56%
1923 大正12 9
56%
1924 大正13 5
56%
1924 大正13 7
56%
1925 大正14 5
56%
1925 大正14 7
56%
1926 大正15・昭和元 3
56%
1926 大正15・昭和元 7
56%
1927 昭和2 2
56%
1927 昭和2 6
56%
1927 昭和2 10
56%
1928 昭和3 3
56%
1928 昭和3 7
56%
1928 昭和3 8
56%
1929 昭和4 5
56%
1929 昭和4 6
56%
1929 昭和4 9
56%
1930 昭和5 6
56%
1930 昭和5 9
56%
1931 昭和6 3
56%
1931 昭和6 4
56%
1932 昭和7 2
56%
1932 昭和7 6
56%
1933 昭和8 3
56%
1933 昭和8 6
56%
1933 昭和8 8
56%
1934 昭和9 1
56%
1934 昭和9 3
56%
1934 昭和9 5
56%
1935 昭和10 1
56%
1935 昭和10 5
56%
1936 昭和11 2
56%
1936 昭和11 4
56%
1937 昭和12 3
56%
1937 昭和12 5
56%
1938 昭和13 3
56%
1938 昭和13 8
56%
1939 昭和14 5
56%
1939 昭和14 6
56%
1940 昭和15 4
56%
1940 昭和15 5
56%
1941 昭和16 5
56%
1941 昭和16 8
56%
1942 昭和17 7
56%
1942 昭和17 8
56%
1942 昭和17 9
56%
1943 昭和18 8
56%
1943 昭和18 9
56%
1944 昭和19 7
56%
1944 昭和19 8
56%
1945 昭和20 6
56%
1945 昭和20 8
56%
1912 大正元 1 正一
44%
1912 大正元 5
44%
1913 大正2 1 正二
44%
1913 大正2 2
44%
1913 大正2 7 正一
44%
1914 大正3 6 正一
44%
1914 大正3 10
44%
1915 大正4 3
44%
1915 大正4 10 正一
44%
1916 大正5 6
44%
1917 大正6 8 正一
44%
1917 大正6 10
44%
1918 大正7 7
44%
1919 大正8 9
44%
1920 大正9 2
44%
1921 大正10 3
44%
1922 大正11 5
44%
1923 大正12 4
44%
1924 大正13 2
44%
1924 大正13 10
44%
1925 大正14 2
44%
1926 大正15・昭和元 5
44%
1927 昭和2 5 昭一
44%
1927 昭和2 8
44%
1928 昭和3 2
44%
1929 昭和4 1
44%
1930 昭和5 5
44%
1931 昭和6 5
44%
1932 昭和7 7
44%
1933 昭和8 4
44%
1933 昭和8 9
44%
1934 昭和9 8
44%
1935 昭和10 8
44%
1936 昭和11 8
44%
1937 昭和12 9
44%
1937 昭和12 10
44%
1938 昭和13 6
44%
1938 昭和13 7
44%
1938 昭和13 9
44%
1939 昭和14 7
44%
1939 昭和14 9
44%
1940 昭和15 6
44%
1940 昭和15 8
44%
1940 昭和15 10
44%
1941 昭和16 4
44%
1941 昭和16 9
44%
1942 昭和17 4
44%
1942 昭和17 5
44%
1943 昭和18 4
44%
1943 昭和18 5
44%
1943 昭和18 6
44%
1944 昭和19 5
44%
1944 昭和19 9
44%
1944 昭和19 10
44%
1945 昭和20 7
44%
1927 昭和2 1 昭二
33%
1934 昭和9 9
33%
1941 昭和16 10
33%
1945 昭和20 10
33%
1912 大正元 7 正治
22%
1913 大正2 10 正男
22%
1914 大正3 1 正三
22%
1927 昭和2 3 和夫
22%
1928 昭和3 1 昭三
22%
1928 昭和3 10 和夫
22%
1929 昭和4 8 和夫
22%
1930 昭和5 7 和夫
22%
1930 昭和5 10 幸雄
22%
1931 昭和6 9 幸雄
22%
1932 昭和7 10 和夫
22%
1935 昭和10 9
22%
1939 昭和14 10
22%
1912 大正元 3 正雄
11%
1912 大正元 9 正夫
11%
1913 大正2 3 正雄
11%
1913 大正2 9 義雄
11%
1914 大正3 3 正雄
11%
1914 大正3 9 秀雄
11%
1915 大正4 4 正雄
11%
1915 大正4 9 義雄
11%
1916 大正5 8 正雄
11%
1916 大正5 9 秀雄
11%
1917 大正6 6 正雄
11%
1918 大正7 5 義雄
11%
1918 大正7 10 正雄
11%
1919 大正8 6 義雄
11%
1919 大正8 7 正雄
11%
1920 大正9 10 正雄
11%
1921 大正10 10 正雄
11%
1922 大正11 10 秀雄
11%
1923 大正12 10
11%
1925 大正14 10
11%
1926 大正15・昭和元 9
11%
1926 大正15・昭和元 10 一男
11%
1929 昭和4 10
11%
1930 昭和5 4
11%
1931 昭和6 7
11%
1932 昭和7 5
11%
1933 昭和8 7
11%
1934 昭和9 6
11%
1935 昭和10 6
11%
1936 昭和11 6
11%
1936 昭和11 10
11%
1937 昭和12 4
11%
1938 昭和13 2
11%
1939 昭和14 4
11%
1940 昭和15 3
11%
1941 昭和16 2
11%
1942 昭和17 3
11%
1943 昭和18 3
11%
1944 昭和19 4
11%
1945 昭和20 3
11%
1912 大正元 6 武雄
0%
1913 大正2 8 武雄
0%
1914 大正3 8
0%
1915 大正4 6
0%
1915 大正4 7 武雄
0%
1916 大正5 1 辰雄
0%
1916 大正5 7
0%
1916 大正5 10 辰男
0%
1917 大正6 5
0%
1918 大正7 6
0%
1919 大正8 4
0%
1920 大正9 5
0%
1921 大正10 7
0%
1922 大正11 8
0%
1923 大正12 7
0%
1924 大正13 6
0%
1925 大正14 6
0%
1926 大正15・昭和元 4
0%
1927 昭和2 9
0%
1928 昭和3 6 辰雄
0%
1929 昭和4 4
0%
1930 昭和5 3
0%
1931 昭和6 6
0%
1931 昭和6 10
0%
1932 昭和7 4
0%
1932 昭和7 8
0%
1933 昭和8 2
0%
1934 昭和9 2
0%
1935 昭和10 4
0%
1935 昭和10 10
0%
1936 昭和11 3
0%
1936 昭和11 9
0%
1937 昭和12 7
0%
1938 昭和13 10
0%
1939 昭和14 8
0%
1940 昭和15 9
0%
1941 昭和16 6
0%
1942 昭和17 10
0%
1943 昭和18 10 勝利
0%
1944 昭和19 3 勝利
0%
1945 昭和20 5 勝利
0%
1945 昭和20 9
0%
No matching quizzes found
Score Distribution
Percent of People with Each Score
Percentile by Number Answered
Your Score History
You have not taken this quiz